000 00307 a2200133 4500
001 66183
082 _a515.102462 BOL
090 _c38473
_d38473
100 _aBolton W.
245 _aMathematics for engineering, 4th Ed
250 _a4th Ed
260 _aOxford
_bNewnes
_c1995
300 _aix, 670
942 _aNUST-CAE
_k515.102462 BOL
999 _c301256
_d301256